000 01118cam a2200337 a 4500
001 1162
003 DO-SdBPM
005 20241204115817.0
007 1163
008 831026s2008 ag 000 f spa
020 _a9789500815970
040 _aDO-SdBPM
_cspa
_dBPMSU
082 4 _a813.4
_bA355m 2008
_222
100 1 _aAlcott, Louisa May,
_d1832-1888.
240 1 0 _aLitle women.
_lEspañol.
245 1 0 _aLas mujercitas se casan /
_cLouisa May Alcott; traducción Coras Bosch; Ilustraciones Horacio D. Gatto ; adaptación Rosa S. Corgatelli
250 _a7a ed.
260 _aBueno Aires :
_bEditorial Atlántida ,
_c2008
300 _a208 p. ;
_c20 cm.
490 0 _aNueva biblioteca Billiken,
_v13
534 _aTítulo original:
_tLitle women
590 _aInventariado, 2024/VM
650 4 _aNovela juvenil estadounidense
650 4 _a Literatura juvenil estadounidense
700 1 _aHoracio D. Gatto Horacio
_eilustraciones
700 1 _aLilian, Benmayor
700 1 _a Coras Bosch;
_etr.
700 1 _aRosa S. Corgatelli
910 _a VMateo V. Control de calidad. BPMSU
942 _2ddc
_cBK
999 _c10605
_d10605